Evaluating methods of measuring communicative competence among college students in China /
Saved in:
| 主要作者: | |
|---|---|
| 格式: | Thesis 图书 |
| 语言: | English |
| 出版: |
2006.
|
| 主题: | |
| 标签: |
添加标签
没有标签, 成为第一个标记此记录!
|
| LEADER | 01158cam a2200289 a 4500 | ||
|---|---|---|---|
| 001 | u735582 | ||
| 003 | SIRSI | ||
| 005 | 200703220922 | ||
| 008 | 070322s2006 my a t 000 0 eng m | ||
| 040 | |a UMB |d UMM | ||
| 043 | |a a-cc--- | ||
| 090 | |a P121 |b UM 2006 Wan | ||
| 093 | |a P121 |b UM 2006 Wan | ||
| 100 | 1 | |a Wang, Haiyan. | |
| 245 | 1 | 0 | |a Evaluating methods of measuring communicative competence among college students in China / |c Wang Haiyan. |
| 260 | |c 2006. | ||
| 300 | |a xi, 251 leaves : |b ill. ; |c 30 cm. | ||
| 502 | |a Thesis (Ph.D.) -- Fakulti Bahasa dan Linguistik, Universiti Malaya, 2007. | ||
| 504 | |a Bibliography: leaves 213-223. | ||
| 650 | 0 | |a English language |x Ability testing |x China. | |
| 650 | 0 | |a Communicative competence |z China. | |
| 650 | 0 | |a English language |x Study and teaching (Higher) |z China. | |
| 710 | 2 | |a Universiti Malaya. |b Fakulti Bahasa dan Linguistik. | |
| 900 | |a HA | ||
| 596 | |a 1 6 | ||
| 999 | |a P121 UM 2006 WAN |w LC |c 1 |i A512905252 |d 9/5/2011 |e 9/5/2011 |f 13/9/2007 |g 1 |l STACKS |m P01UTAMA |n 7 |r Y |s Y |t TESIS |u 12/9/2007 | ||
| 999 | |a P121 UM 2006 WAN |w LC |c 1 |i A512805860 |d 12/11/2007 |f 12/11/2007 |g 1 |l STACKS |m P06BAHASA |r Y |s Y |t TESIS |u 12/11/2007 | ||
